01064nam a22002417a 45000010005000000030006000050050017000110080041000280200018000690400029000870500013001160820008001291000023001372450127001602500046002872600037003333000052003705050008004225200317004305210021007475210020007687000034007885410FISKH20241203153632.0241203b cb ||||| |||| 00| 0 eng d a9780545530507 aFISKHbengcFISKHdFISKH aPZ7.M992 a973 aMyers, Walter Dean aDown to the last out : bThe Journal of Biddy Owens: The Negro Leagues, Birmingham, Alabama, 1948 / cby Walter Dean Myers aThis edition first printing, January 2013 aNew York : bScholastic ;c2001. a135 pages : billustrations , maps ; c20 cm .  aZ  aTeenager Biddy Owens' 1948 journal about working for the Birmingham Black Barons includes the games and the players, racism the team faces from New Orleans to Chicago, and his family's resistance to his becoming a professional baseball player. Includes a historical note about the evolution of the Negro Leagues.8 a920 bLexile 8 aZ bRaz-Plus  aScott, Steve ebook designer